[Event "FRA-chT1A 0607"]
[Site "France"]
[Date "2006.11.25"]
[Round "2.6"]
[White "Platel, Alexandre"]
[Black "Brossard, Armel"]
[Result "1-0"]
[WhiteElo "2161"]
[BlackElo "2183"]
[PlyCount "119"]
[EventDate "2006.10.15"]
[EventType "team-tourn"]
[EventRounds "11"]
[EventCountry "FRA"]
[SourceTitle "EXT 2008"]
[Source "ChessBase"]
[SourceDate "2007.11.25"]
[SourceVersion "1"]
[SourceVersionDate "2007.11.25"]
[SourceQuality "1"]
[WhiteTeam "Cappelle la Grande"]
[BlackTeam "Issy les Moulineaux"]
[WhiteTeamCountry "FRA"]
[BlackTeamCountry "FRA"]

1. e4 c5 2. Nf3 d6 3. Bb5+ Bd7 4. Bxd7+ Qxd7 5. 0-0 Nc6 6. c3 Nf6 7. d4 cxd4 8. cxd4 d5 9. e5 Ne4 10. Ne1 f6 11. f3 Ng5 12. Bxg5 fxg5 13. Nc3 e6 14. f4 gxf4 15. Rxf4 0-0-0 16. Qh5 g6 17. Qh3 g5 18. Rg4 h6 19. Ne2 Be7 20. Qh5 Rdf8 21. Nf3 Bd8 22. Rf1 Qh7 23. Rc1 Kb8 24. Rg3 Bb6 25. Qg4 Qe4 26. Re1 Qxg4 27. Rxg4 Rh7 28. Rd1 Rhf7 29. h4 gxh4 30. Rxh4 Rf5 31. Kh2 h5 32. Ng3 Rf4 33. Rxf4 Rxf4 34. Nxh5 Re4 35. Ng3 Rf4 36. Nh5 Re4 37. Nf6 Re2 38. Nd7+ Kc7 39. Nf8 Rxb2 40. Nxe6+ Kd7 41. Nf4 Rxa2 42. Nxd5 Bd8 43. Kh3 Ra3 44. Kg4 b5 45. Rb1 a6 46. Kf4 Ra4 47. Ke4 Ra2 48. g4 Re2+ 49. Kf4 Rf2 50. Kg3 Ra2 51. Kf4 Rf2 52. Ke4 Re2+ 53. Ne3 Na5 54. Kf4 Rf2 55. d5 Bg5+ 56. Kxg5 Rxf3 57. Nf5 Rd3 58. e6+ Kd8 59. e7+ Kd7 60. Re1 1-0

[Event "FRA-chT2A 0506"]
[Site "France"]
[Date "2005.11.19"]
[Round "2.7"]
[White "Nguyen, Huu Hoang Anh"]
[Black "Brossard, Armel"]
[Result "1/2-1/2"]
[WhiteElo "2059"]
[BlackElo "2196"]
[PlyCount "72"]
[EventDate "2005.10.27"]
[EventType "team-tourn"]
[EventRounds "11"]
[EventCountry "FRA"]
[SourceTitle "EXT 2006"]
[Source "ChessBase"]
[SourceDate "2005.11.24"]
[SourceVersion "1"]
[SourceVersionDate "2005.11.24"]
[SourceQuality "1"]
[WhiteTeam "Evry III"]
[BlackTeam "Issy les Moulineaux"]
[WhiteTeamCountry "FRA"]
[BlackTeamCountry "FRA"]

1. c3 c5 2. Qc2 Nc6 3. d3 g6 4. e4 Bg7 5. Nf3 e5 6. Be2 Nge7 7. Nbd2 0-0 8. 0-0 d6 9. Re1 h6 10. a3 Be6 11. b3 b5 12. Bb2 Rb8 13. Rad1 Qb6 14. Rb1 Rfe8 15. h3 a5 16. Red1 Red8 17. Re1 Rbc8 18. Rbd1 Rc7 19. Rb1 Rb7 20. Bf1 Rbd7 21. Ba1 Rc8 22. Bb2 Rdd8 23. Ba1 Kh7 24. Bb2 Rf8 25. Be2 f5 26. Rf1 d5 27. c4 dxe4 28. dxe4 b4 29. exf5 Nxf5 30. Bd3 Rcd8 31. Be4 Ncd4 32. Bxd4 exd4 33. axb4 axb4 34. Qd3 Rd7 35. Ra1 Rdf7 36. Ra2 Bc8 1/2-1/2

[Event "FRA-chT2 0304"]
[Site "France"]
[Date "2003.12.07"]
[Round "4"]
[White "Brossard, Armel"]
[Black "Daurelle, Herve"]
[Result "1/2-1/2"]
[WhiteElo "2220"]
[BlackElo "2236"]
[PlyCount "80"]
[EventDate "2003.10.??"]
[EventType "team"]
[EventRounds "11"]
[EventCountry "FRA"]
[SourceTitle "EXT 2005"]
[Source "ChessBase"]
[SourceDate "2004.11.15"]
[SourceVersion "1"]
[SourceVersionDate "2004.11.15"]
[SourceQuality "1"]
[WhiteTeam "Issy les Moulineaux"]
[BlackTeam "Clichy II"]
[WhiteTeamCountry "FRA"]
[BlackTeamCountry "FRA"]

1. d4 d5 2. c4 e6 3. Nc3 c5 4. e3 Nf6 5. Nf3 Nc6 6. a3 a6 7. dxc5 Bxc5 8. b4 Ba7 9. Bb2 0-0 10. Qb3 dxc4 11. Qxc4 Qe7 12. Bd3 Bd7 13. Qh4 h6 14. 0-0-0 Nd5 15. Qg3 f5 16. Bc4 Bxe3+ 17. Kb1 f4 18. Qh3 Bxf2 19. Nxd5 exd5 20. Bxd5+ Kh7 21. Qxd7 Qxd7 22. Be4+ Qf5 23. Bxf5+ Rxf5 24. Rd7 Rg8 25. Rxb7 Nd8 26. Re7 Rf7 27. Rxf7 Nxf7 28. Rc1 Ra8 29. Rc7 Ra7 30. Rxa7 Bxa7 31. Kc2 g5 32. a4 Kg6 33. Kd3 g4 34. Ne5+ Nxe5+ 35. Bxe5 Kf5 36. Bc7 Bg1 37. h3 f3 38. hxg4+ Kxg4 39. gxf3+ Kxf3 40. b5 axb5 1/2-1/2

[Event "FRA-chT2"]
[Site "France"]
[Date "2002.03.09"]
[Round "8"]
[White "Loiret, Stanislas"]
[Black "Brossard, Armel"]
[Result "0-1"]
[WhiteElo "2270"]
[BlackElo "2218"]
[PlyCount "58"]
[EventDate "2002.??.??"]
[EventType "team"]
[EventRounds "11"]
[EventCountry "FRA"]
[SourceTitle "EXT 2003"]
[Source "ChessBase"]
[SourceDate "2002.11.25"]
[SourceVersion "1"]
[SourceVersionDate "2002.11.25"]
[SourceQuality "1"]
[WhiteTeam "Rochefort"]
[BlackTeam "Avoine"]
[WhiteTeamCountry "FRA"]
[BlackTeamCountry "FRA"]

1. d4 Nf6 2. c4 e6 3. Nc3 c5 4. d5 exd5 5. cxd5 d6 6. e4 g6 7. Nf3 Bg7 8. Bd3 a6 9. a4 Bg4 10. h3 Bxf3 11. Qxf3 Nbd7 12. Qd1 0-0 13. 0-0 Re8 14. Re1 Qc7 15. Bc4 Ne5 16. Bf1 c4 17. Ra3 Nfd7 18. f4 Nd3 19. Bxd3 cxd3 20. Qxd3 f5 21. Qf1 Qb6+ 22. Kh2 Nc5 23. exf5 gxf5 24. Nd1 Ne4 25. Rae3 Rec8 26. Qe2 Rxc1 27. Qh5 Rf8 28. g4 Rxd1 29. Rxe4 Qf2+ 0-1

[Event "FRA-chT"]
[Site "France"]
[Date "1998.05.11"]
[Round "11"]
[White "Brossard, Armel"]
[Black "Gachon, Lionel"]
[Result "0-1"]
[WhiteElo "2210"]
[BlackElo "2315"]
[PlyCount "122"]
[EventDate "1998.02.06"]
[EventType "team"]
[EventRounds "11"]
[EventCountry "FRA"]
[SourceTitle "CBM 064 Extra"]
[Source "ChessBase"]
[SourceDate "1998.07.07"]
[SourceVersion "1"]
[SourceVersionDate "1998.07.07"]
[SourceQuality "1"]

1. e4 c5 2. Nc3 Nc6 3. g3 g6 4. Bg2 Bg7 5. d3 d6 6. f4 e6 7. Nf3 Nge7 8. 0-0 0-0 9. Be3 b6 10. Bf2 Ba6 11. Qd2 Rc8 12. Rfe1 Nd4 13. Nxd4 cxd4 14. Ne2 e5 15. c3 dxc3 16. Nxc3 d5 17. fxe5 d4 18. Nd5 Bxe5 19. Nxe7+ Qxe7 20. Bh3 Rc5 21. Rac1 Rd8 22. Rxc5 Qxc5 23. Rc1 Qb5 24. Bf1 Qa4 25. a3 Rc8 26. Rxc8+ Bxc8 27. Be2 Qc6 28. Bd1 Be6 29. Qc2 Qd6 30. Be1 Bh3 31. Bf3 h5 32. Bb4 Qb8 33. Be1 h4 34. gxh4 Bf4 35. Kh1 Qd6 36. a4 Qf6 37. Bg2 Bg4 38. Bg3 Qe5 39. Qf2 Bxg3 40. hxg3 Bd1 41. Bf3 Bxa4 42. Kg2 a5 43. Qd2 Qc5 44. Kf2 Bb3 45. g4 Qc7 46. h5 Qh2+ 47. Ke1 Qg1+ 48. Ke2 Qh2+ 49. Ke1 Qxd2+ 50. Kxd2 gxh5 51. gxh5 f6 52. Bg4 Bf7 53. Ke2 b5 54. Kd2 Kg7 55. b4 axb4 56. Kc2 Kh6 57. Kb2 Kg5 58. Bd7 Bxh5 59. Kb3 Kf4 60. Kxb4 Ke3 61. Bxb5 Be2 0-1

[Event "FRA-chT"]
[Site "France"]
[Date "1998.04.03"]
[Round "5"]
[White "Brossard, Armel"]
[Black "Gouret, Thierry"]
[Result "1-0"]
[WhiteElo "2210"]
[BlackElo "2275"]
[PlyCount "83"]
[EventDate "1998.02.06"]
[EventType "team"]
[EventRounds "11"]
[EventCountry "FRA"]
[SourceTitle "CBM 064 Extra"]
[Source "ChessBase"]
[SourceDate "1998.07.07"]
[SourceVersion "1"]
[SourceVersionDate "1998.07.07"]
[SourceQuality "1"]

1. e4 c5 2. Nc3 Nc6 3. g3 g6 4. Bg2 Bg7 5. d3 e6 6. Be3 d6 7. Qd2 Nf6 8. Bh6 Bxh6 9. Qxh6 Bd7 10. Nf3 Qe7 11. 0-0 Ng4 12. Qd2 0-0 13. h3 Nf6 14. Rae1 Rfe8 15. Nh2 e5 16. f4 exf4 17. Qxf4 Nh5 18. Qf2 Be6 19. g4 Ng7 20. Nf3 f6 21. Qh4 g5 22. Qh6 Rf8 23. Nd5 Bxd5 24. exd5 Ne5 25. Nxe5 dxe5 26. d6 Qxd6 27. Be4 Kf7 28. Bxh7 Ne8 29. Qxg5 Ke7 30. Qe3 Qd4 31. c3 Qxe3+ 32. Rxe3 Nc7 33. Be4 Ne6 34. Bd5 Kd6 35. Bxe6 Kxe6 36. d4 cxd4 37. cxd4 Rac8 38. Rf5 Rc2 39. dxe5 Rxb2 40. exf6+ Kf7 41. Re7+ Kg6 42. Rg7+ 1-0

[Event "FRA-chT"]
[Site "France"]
[Date "1998.02.06"]
[Round "1"]
[White "Brossard, Armel"]
[Black "Borne, Niels"]
[Result "1/2-1/2"]
[WhiteElo "2210"]
[BlackElo "2305"]
[PlyCount "84"]
[EventDate "1998.02.06"]
[EventType "team"]
[EventRounds "11"]
[EventCountry "FRA"]
[SourceTitle "CBM 064 Extra"]
[Source "ChessBase"]
[SourceDate "1998.07.07"]
[SourceVersion "1"]
[SourceVersionDate "1998.07.07"]
[SourceQuality "1"]

1. e4 c5 2. Nc3 Nc6 3. g3 g6 4. Bg2 Bg7 5. d3 d6 6. f4 e6 7. Nf3 Nge7 8. 0-0 0-0 9. Be3 Nd4 10. e5 Nec6 11. Ne4 dxe5 12. Nxe5 Nxe5 13. fxe5 Bxe5 14. c3 Nf5 15. Bxc5 Bd7 16. Bxf8 Qxf8 17. d4 Bg7 18. Nc5 Bb5 19. Re1 e5 20. Nxb7 exd4 21. Qb3 Ba6 22. Qa4 Bxb7 23. Bxb7 Rb8 24. Qxa7 dxc3 25. bxc3 Bxc3 26. Rad1 Bxe1 27. Rxe1 Rd8 28. Qa5 Qd6 29. Bf3 Qd4+ 30. Kg2 Kg7 31. Qe5+ Qxe5 32. Rxe5 Nd4 33. Rd5 Rxd5 34. Bxd5 f5 35. a4 Kf6 36. a5 Ke5 37. a6 Nb5 38. Bc4 Na7 39. h4 f4 40. g4 h6 41. Kf3 g5 42. hxg5 hxg5 1/2-1/2